Black History Month - Statistics

General Stats
  • This quiz has been taken 465 times
    449 since last reset
  • The average score is 6 of 10
Answer Stats
Hint Answer % Correct
First African American president of the United States Barack Obama
99%
Gave the speech "I have a dream" Martin Luther King Jr
95%
Refused to give up her seat on a bus in Montgomery Rosa Parks
86%
First female vice president of the US Kamala Harris
73%
African American Trumpet Player Louis Armstrong
71%
Blind songwriter and singer Stevie Wonder/Ray Charles
71%
Conductor of the underground railroad for 8 years Harriet Tubman
70%
Played for the baseball team "Brooklyn Dodgers" Jackie Robinson
63%
Laid the foundation for a black US president Jesse Jackson
12%
Used pictures to bring attention to African American life Gordan Parks
1%
No matching quizzes found
Score Distribution
Percent of People with Each Score
Percentile by Number Answered
Your Score History
You have not taken this quiz since the last reset